| 000 | 00874na a2200289 4500 | ||
|---|---|---|---|
| 001 | 14178 | ||
| 003 | MIRAKIL | ||
| 005 | 20181213154956.0 | ||
| 008 | 161019b tu 000 0 | ||
| 020 | _a9759811200 | ||
| 035 | _a14178 | ||
| 040 |
_aMilas _btur _cTR-AnCHP |
||
| 041 | _atur | ||
| 082 |
_aATA 923.156 _bG95d 2005 |
||
| 090 | _aATA 923.156 G95d 2005 | ||
| 100 | _aGümüş, Kasım | ||
| 245 |
_aDevrim kanunları eşliğinde kemalizm zehirlenmesi _cKasım Gümüş |
||
| 246 | _aKemalizm zehirlenmesi | ||
| 260 |
_aAnkara _b[yayl.y.] _c2005 |
||
| 300 |
_a185 s. _c18 sm. |
||
| 500 | _aYapıt yazarından imzalıdır. | ||
| 504 | _aKaynakça var. | ||
| 600 |
_aAtatürk, Mustafa Kemal _d1881-1938 _xAtatürk devrimleri |
||
| 600 |
_aAtatürk, Mustafa Kemal _d1881-1938 _xSiyasal ve sosyal görüşler |
||
| 650 | _aAtatürkçülük | ||
| 942 |
_2ddc _cBKS |
||
| 999 |
_c4182 _d4182 |
||